Miasta i wsie w języku śląskim - Statystyki

Ogólne statystyki
  • Ten quiz został rozwiązany 59 razy
  • Średni wynik to 18 z 27
Statystyki odpowiedzi
Wersja śląska Wersja polska % Poprawnych
Bytōń / Bytůń / Bytōm Bytom
94%
Katowicy, Katōwice Katowice
94%
Świyntochłowice Świętochłowice
94%
Glajwic, Glywice Gliwice
92%
Czynstochowa Częstochowa
90%
Byndzin Będzin
85%
Chorzōw Chorzów
85%
Myslōwice Mysłowice
85%
Zobrze Zabrze
83%
Czyrwionka Czerwionka / Czerwionka-Leszczyny
81%
Gōrny Laziska Łaziska Górne
73%
Radzionkōw Radzionków
73%
Wjelgo Ruda Ruda Śląska
73%
Ymielin Imielin
69%
Jaszczymbio Jastrzębie-Zdrój
69%
Ślōnski Miasteczko Miasteczko Śląskie
65%
Orzysz, Orzysze, Ôrzesze Orzesze
65%
Leszczin Leszczyny / Czerwionka-Leszczyny
58%
Nyndza Nędza
56%
Nikolai Mikołów
52%
Woźnik Woźniki
48%
Góry Tarnowskie Góry
40%
Zdziszowic Zdzieszowice
38%
Kandrzin Kędzierzyn-Koźle
29%
Nokło Nakło Śląskie
29%
Pless Pszczyna
25%
Sari Żory
21%
Nie znaleziono quizów pasujących do podanych kryteriów
Rozkład punktacji
Procent ludzi z każdym wynikiem
Percentyl według liczby udzielonych odpowiedzi
Twoja historia wyników
Nie rozwiązałeś tego quizu